Statistics for Japanglish - Wasei-go

Click here to take the quiz!

General Stats

  • This quiz has been taken 7 times
  • The average score is 9 of 15

Answer Stats

ROMAJIKATAKANAENGLISH% Correct
SANDOサンドSANDWICH
100%
SU-PA-スーパーSUPERMARKET
100%
AMERIKAN DOGGUアメリカンドッグCORN DOG
83%
TSUITA-ツイッターTWITTER
83%
BAIKINGUバイキングBUFFET
67%
CONBINIコンビニCONVENIENCE STORE
67%
KYABINATENDANTOキャビンアテンダントFLIGHT ATTENDANT
67%
HOCCHIKISUホッチキスSTAPLER
67%
O-RAIオーライALRIGHT
50%
MANSHONマンションCONDOMINIUM
50%
KONSENTOコンセントELECTRICAL OUTLET
50%
JIIPANジーパンJEANS
50%
AISU KYANDEI-アイスキャンディーPOPSICLE
50%
WAISHATSUワイシャツDRESS SHIRT
17%
A-RUBUIアールブイRV
17%

Score Distribution

Percentile by Number Answered

Percent of People with Each Score

Your Score History

You have not taken this quiz